Länder, die Estland am nächsten liegen - Statistiken

Allgemein
  • Dieses Quiz wurde 167 mal gespielt
  • Das Durchschnittsergebnis liegt bei 19 aus 20
Antwortstatistiken
km Land % Korrekt
47 Finnland
100%
0 Lettland
100%
152 Litauen
100%
0 Russland
100%
636 Deutschland
99%
396 Polen
99%
150 Schweden
99%
554 Norwegen
98%
157 Weißrussland
98%
890 Tschechien
97%
622 Ukraine
97%
523 Dänemark
94%
939 Slowakei
94%
1041 Ungarn
94%
1076 Österreich
92%
1030 Rumänien
90%
1288 Slowenien
83%
1013 Moldawien
80%
1283 Belgien
75%
1067 Niederlande
74%
Keine übereinstimmenden Quizze gefunden
Verteilung der Resultate
Anzahl Personen mit jedem Resultat
Perzentil nach korrekt beantworteten Fragen
Ihre Resultats-Entwicklung
Sie haben dieses Quiz noch nicht gespielt